000 00571cam a22002053a 4500
001 43150
003 PGUSA
005 20140828084000.0
008 130708s2013||||xxu|||||s|||||000 | eng d
040 _aPGUSA
_beng
042 _adc
100 1 _aColeridge, Christobel
245 1 4 _aThe Constant Prince
_h[electronic resource] /
_cChristobel Coleridge
260 _bProject Gutenberg,
_c2013
506 _aPublic domain in the USA.
516 _aElectronic text
830 0 _aProject Gutenberg
_v43150
856 4 0 _uhttp://www.gutenberg.org/ebooks/43150
942 _cEB
999 _c272401
_d272401